Songs With "Rock" in the Title - Statistics

General Stats
  • This quiz has been taken 493 times
    54 since last reset
  • The average score is 11 of 25
Answer Stats
Year Artist Song % Correct
1957 Elvis Presley Jailhouse Rock
80%
1973 Elton John Crocodile Rock
76%
1981 Joan Jett and the Blackhearts I Love Rock 'n Roll
75%
1971 Led Zeppelin Rock and Roll
75%
1960 Billy Haley & His Comets Rock Around the Clock
71%
1977 Queen We Will Rock You
69%
1975 KISS Rock and Roll All Nite
61%
1982 The Clash Rock the Casbah
55%
1984 Twisted Sister I Wanna Rock
49%
1979 The B-52s Rock Lobster
49%
1985 Falco Rock Me Amadeus
47%
1984 Scorpions Rock You Like a Hurricane
47%
1979 Michael Jackson Rock With You
41%
1981 AC/DC For Those About to Rock (We Salute You)
37%
1976 KISS Detroit Rock City
35%
2011 LMFAO Party Rock Anthem
33%
1978 Bob Seger & the Silver Bullet Band Old Time Rock and Roll
31%
1965 Simon & Garfunkel I Am a Rock
29%
1980 Billy Joel It's Still Rock and Roll to Me
27%
1989 Neil Young Rockin' in the Free World
24%
1984 Huey Lewis and the News The Heart of Rock & Roll
22%
1986 Bob Seger Like a Rock
20%
1979 Ramones Rock 'n' Roll {High} {School}
20%
1973 David Essex Rock On
20%
1957 Chuck Berry Rock and Roll {Music}
16%
No matching quizzes found
Score Distribution
Percent of People with Each Score
Percentile by Number Answered
Your Score History
You have not taken this quiz since the last reset